| 000 -LEADER |
| fixed length control field |
00944cam a2200181 i 4500 |
| 040 ## - CATALOGING SOURCE |
| Transcribing agency |
DLC |
| 082 00 - DEWEY DECIMAL CLASSIFICATION NUMBER |
| Classification number |
381 SOL 1977 A069 Or. |
| 245 10 - TITLE STATEMENT |
| Title |
Critical issues on food marketing systems in developing countries : |
| Remainder of title |
report of the OECD/FAO joint seminar, Paris, 18-22 October, 1976. |
| 260 ## - PUBLICATION, DISTRIBUTION, ETC. (IMPRINT) |
| Place of publication |
Paris : |
| Name of publisher |
Development Centre of the Organisation for Economic Co-operation and Development in co-operation with the Food and Agriculture Organisation of the United Nations ; |
| Place of publication |
[Washington, D. C. : |
| Name of publisher |
sold by OECD Publications Center], |
| Year of publication |
1977. |
| 300 ## - PHYSICAL DESCRIPTION |
| Number of Pages |
97 p. ; |
| Dimensions |
24 cm. |
| 500 ## - GENERAL NOTE |
| General note |
"Reports on agricultural marketing meetings issued since 1959 by the Marketing and Credit Service of FAO": p. 95-97. |
| 650 #0 - SUBJECT ADDED ENTRY--TOPICAL TERM |
| Topical Term |
Food industry and trade |
| 650 #0 - SUBJECT ADDED ENTRY--TOPICAL TERM |
| Topical Term |
Food supply |
| 650 #0 - SUBJECT ADDED ENTRY--TOPICAL TERM |
| Topical Term |
Farm produce |
| 710 2# - ADDED ENTRY--CORPORATE NAME |
| Corporate name or jurisdiction name as entry element |
Organisation for Economic Co-operation and Development. |
| 710 2# - ADDED ENTRY--CORPORATE NAME |
| Corporate name or jurisdiction name as entry element |
Food and Agriculture Organization of the United Nations. |
| 942 ## - ADDED ENTRY ELEMENTS (KOHA) |
| Koha item type |
សៀវភៅភាសាអង់គ្លេស |
| 952 ## - LOCATION AND ITEM INFORMATION (KOHA) |
| Withdrawn status [LOCAL, KOHA] |
0 |